| 000 | 00880naa a2200265 c 4500 | ||
|---|---|---|---|
| 001 | 34948 | ||
| 003 | ES-MaCES | ||
| 005 | 20150929124558.0 | ||
| 008 | 050526n2004 sp t 000 | spa d | ||
| 035 | _aCES20050004273v | ||
| 040 |
_aES-MaCES _bspa _cES-MaCES |
||
| 100 | 1 |
_aUdell, Gregory F. _925296 |
|
| 245 | 1 | 3 |
_aEl crédito a las PYME _b: delimitación en un una perspectiva global _cGregory F. Udell |
| 500 | _aResumen | ||
| 504 | _aBibliografía: p. 96-98 | ||
| 650 | 4 |
_afinanciación _928125 |
|
| 650 | 4 |
_amercado financiero _928150 |
|
| 650 | 4 |
_apequeña empresa _930173 |
|
| 653 | 1 | 0 | _aFinanciación |
| 650 | 4 |
_928107 _acrédito |
|
| 773 | 0 |
_tPapeles de economía española _gn. 101 (2004){10187 R. 058992}; p. 80-98 _w(ES-MaCES)25203 _941724 |
|
| 902 | _aART Artículo de revista | ||
| 942 |
_2CES _cAR _h0.0. |
||
| 999 |
_c34948 _d34948 |
||